Cómo mejorar tu ciclo menstrual : (Record no. 23661)

000 -CABECERA
fixed length control field 01784nam a22002897i 4500
003 - IDENTIFICADOR DEL NÚMERO DE CONTROL
control field AR-CdUCM
008 - DATOS DE LONGITUD FIJA--INFORMACIÓN GENERAL
fixed length control field 260429b2023 d|||| |||| 00| 0 spa d
020 ## - NÚMERO INTERNACIONAL ESTÁNDAR DEL LIBRO
ISBN 978-987-86-3514-9
040 ## - FUENTE DE LA CATALOGACIÓN
Agencia/entidad que catalogó originalmente la obra MUNICIPALIDAD PROVINCIAL DEL CUSCO
Entidad que transcribió la catalogación BIBLIOTECA MUNICIPAL DEL CUSCO
082 ## - NÚMERO DE LA CLASIFICACIÓN DECIMAL DEWEY
No. de Clasificación 612.662
Notacion interna B83
100 ## - ENTRADA PRINCIPAL--NOMBRE DE PERSONA
Nombre Personal Briden, Lara
245 ## - MENCIÓN DE TÍTULO
Título Cómo mejorar tu ciclo menstrual :
Resto del título Tratamiento natural para mejorar las hormonas y la menstruación /
260 ## - PUBLICACIÓN, DISTRIBUCIÓN, ETC.
Lugar de publicación, distribución, etc. Argentina :
Nombre de la editorial, distribuidor, etc. Ginecosofía
Fecha de publicación, distribución, etc. 2023
300 ## - DESCRIPCIÓN FÍSICA
Nº de Páginas Extensión 415 páginas. :
Dimensiones 14x21 cm.
500 ## - NOTA GENERAL
Bibliografía Bibliografía : páginas del 396 - 415
505 ## - NOTA DE CONTENIDO CON FORMATO
Nota de contenido formateada Introducción al ciclo menstrual -- El ciclo menstrual como signo vital de salud -- Anatomía y fisiología del sistema reproductor femenino -- Hormonas principales: estrógeno, progesterona y andrógenos -- La ovulación y su importancia clínica -- Fases del ciclo menstrual y sus características -- Síndrome premenstrual (SPM): causas y tratamiento -- Amenorrea: tipos y abordaje natural -- Ciclos irregulares y su regulación -- Síndrome de ovario poliquístico (SOP) -- Endometriosis y dolor menstrual -- Salud tiroidea y su relación con el ciclo -- Influencia del estrés en las hormonas -- Nutrición para el equilibrio hormonal -- Salud intestinal y metabolismo hormonal -- Uso de suplementos naturales -- Regulación del ciclo sin anticonceptivos hormonales -- Estrategias prácticas para mejorar el ciclo menstrual
650 ## - PUNTO DE ACCESO ADICIONAL DE MATERIA--TÉRMINO DE MATERIA
Descriptor Ciclo menstrual
9 (RLIN) 52808
650 ## - PUNTO DE ACCESO ADICIONAL DE MATERIA--TÉRMINO DE MATERIA
Descriptor Salud de la mujer
9 (RLIN) 52809
650 ## - PUNTO DE ACCESO ADICIONAL DE MATERIA--TÉRMINO DE MATERIA
Descriptor Hormonas sexuales
9 (RLIN) 52810
650 ## - PUNTO DE ACCESO ADICIONAL DE MATERIA--TÉRMINO DE MATERIA
Descriptor Trastornos menstruales
9 (RLIN) 52811
650 ## - PUNTO DE ACCESO ADICIONAL DE MATERIA--TÉRMINO DE MATERIA
Descriptor Medicina natural
9 (RLIN) 18569
650 ## - PUNTO DE ACCESO ADICIONAL DE MATERIA--TÉRMINO DE MATERIA
Descriptor Ginecología
9 (RLIN) 52812
856 ## - LOCALIZACIÓN Y ACCESO ELECTRÓNICOS
Dirección electrónica www.ginecosofia.com
942 ## - ELEMENTOS DE PUNTO DE ACCESO ADICIONAL (KOHA)
Fuente de clasificación
Tipo de item Libros-BMC
945 ## - PROCESAMIENTO DE INFORMACIÓN LOCAL (OCLC)
Catalogador esh
AAAA-MM-DD - Fecha de ingreso o modificacion 29-04-2026
Holdings
Estado de retiro (separado) Fuente de clasificación o esquema de estanterías Estado dañado Ubicación Sala donde se ubica Nombre de la colección Fecha de adquisición o compra Fuente de adquisición Costo, precio normal en soles Signatura topográfica Código de Barras Última vez visto (Koha) Tipo de ítem (Koha)
No     Sala Ciencias Sala Ciencias Book Cart 2026-04-29 Donación 40.00 612.662 / B83 SC0000002497 2026-04-29 Libros-BMC

Powered by Koha